000 00694nam a22002537a 4500
001 BR9301247
003 BR-BrBNA
005 20230928093841.0
007 ta
008 230509b bl.||||| |||| 00| 0 por d
040 _aBR-BrBNA
_bpor
_cBiblioteca Nacional de Agricultura
041 _a(Por)
072 _aF06
090 _ F06 BR9301247
110 1 _aCompanhia Energetica de Sao Paulo, Sao Paulo (Brasil)
_92428
245 1 _aPlanejamento e projeto de irrigacao por aspersao
260 3 _aSao Paulo, SP (Brasil):
_c1987.
300 _a47 p.
500 _a13 tables
650 _aIrrigacao por Aspersao
650 _aPratico
909 _a202309
_bLucia
_c55
_dLucia Elande
942 _cBK
999 _c47486
_d47486